|
|
|
|
| LEADER |
00583cam a2200193 7i4500 |
| 001 |
0000024869 |
| 005 |
20100726090000.0 |
| 020 |
0 |
0 |
|a 978-981-08-2002-2
|
| 090 |
0 |
0 |
|a B 647.955957
|b PHU
|
| 100 |
1 |
0 |
|a Phua
|
| 245 |
1 |
0 |
|a Secrets of food millionaires.
|
| 260 |
0 |
0 |
|a Singapore:
|b Rank Books,
|c 2009.
|
| 300 |
# |
# |
|a 271 p.
|
| 650 |
0 |
0 |
|a Food industry and trade --
|z Singapore
|
| 650 |
0 |
0 |
|a Success in business --
|z Singapore
|
| 650 |
0 |
0 |
|a Restaurant --
|z Singapore
|
| 650 |
0 |
0 |
|a Restaurant managementzSingapore
|
| 651 |
0 |
0 |
|a Singapore
|
| 999 |
|
|
|a B000027470
|b Book
|c Book
|e Business Information Centre
|